LEADER 00866cam0-22003011i-450- 001 990005709980403321 005 20090728110209.0 035 $a000570998 035 $aFED01000570998 035 $a(Aleph)000570998FED01 035 $a000570998 100 $a19990604d1959----km-y0itay50------ba 101 0 $ager 105 $ayf------00--- 200 1 $aÄGYPTOLOGIE$fhrsg. von H. Kees 210 $aLeiden-Köln$cE.J. Brill$d1959 215 $a3 v., tav.$d25 cm 225 1 $aHandbuch der Orientalistik$h1. Abt.$i<>Nahe und der Mittlere Osten$v1 610 0 $aEgittologia$aStoria 676 $a932 700 1$aKees,$bHermann$f<1886- >$0186422 801 0$aIT$bUNINA$gRICA$2UNIMARC 901 $aBK 912 $a990005709980403321 952 $aCOLL. 13 I SERIE, VOL. 1$bBIBL$fFLFBC 959 $aFLFBC 996 $aÄGYPTOLOGIE$9573669 997 $aUNINA LEADER 01217nam--2200373---450- 001 990000282560203316 010 $a88-464-1886-7 035 $a0028256 035 $aUSA010028256 035 $a(ALEPH)000028256USA01 035 $a0028256 100 $a20001027d2000----km-y0itay0103----ba 101 0 $aita 102 $aIT 105 $a||||||||001yy 200 1 $a<>organizzazione dei sistemi di business intelligence nel settore finanziario$eil datawarehouse e il data mining$fFederico Rajola (a cura di) 210 $aMilano$cFranco Angeli$dcopyr. 2000 215 $a267 p.$d23 cm 225 2 $aAzienda moderna$v404 410 0$12001$aAzienda moderna$v404 606 $aAziende$xServizi finanziari$yAutomazione 676 $a658.47 702 1$aRAJOLA,$bFederico 801 0$aIT$bsalbc$gISBD 912 $a990000282560203316 951 $aIRA 11 218$b7902 E.C.$cIRA 11$d00002892 959 $aBK 969 $aECO 979 $aTAMI$b40$c20001027$lUSA01$h1145 979 $c20001110$lUSA01$h1716 979 $c20020403$lUSA01$h1636 979 $aPATRY$b90$c20040406$lUSA01$h1620 996 $aOrganizzazione dei sistemi di business intelligence nel settore finanziario$968117 997 $aUNISA